000 00716cam a22002413a 4500
001 15763
003 PGUSA
005 20140828083334.0
008 050503s2005||||xxu|||||s|||||000 1 eng d
040 _aPGUSA
_beng
042 _adc
050 4 _aPR
100 1 _aWeyman, Stanley John,
_d1855-1928
245 1 0 _aCount Hannibal :
_bA Romance of the Court of France
_h[electronic resource] /
_cStanley John Weyman
260 _bProject Gutenberg,
_c2005
506 _aPublic domain in the USA.
516 _aElectronic text
653 _aCourts and courtiers -- Fiction
653 _aHuguenots -- Fiction
830 0 _aProject Gutenberg
_v15763
856 4 0 _uhttp://www.gutenberg.org/ebooks/15763
942 _cEB
999 _c245018
_d245018